000 00477nam a2200181Ia 4500
001 23303
005 20260414150928.0
008 260414t2018||||xx |||||||||||||| ||spa||
041 _aESP
082 _a628.9252
_bN27
110 _aNational Fire Protection Association
245 0 _aNFPA 13 standard for the installation of sprinkler systems 2019
_b
260 _c2018
300 _a540 páginas :
_c28 cm.
650 _aTCA
654 _aCII
942 _cLIB
_dJUS
_fJUS
_2ddc
_n
999 _c23303
_d23303